<?xml version="1.0" encoding="UTF-8"?>
<marc:record xmlns:marc="http://www.loc.gov/MARC21/slim" type="Bibliographic">
   <marc:leader>00000pam a2200000 c 4500</marc:leader>
   <marc:controlfield tag="001">969307632</marc:controlfield>
   <marc:controlfield tag="003">DE-101</marc:controlfield>
   <marc:controlfield tag="005">20171203152147.0</marc:controlfield>
   <marc:controlfield tag="007">tu</marc:controlfield>
   <marc:controlfield tag="008">031113s2004    gw ||||| |||| 00||||ger  </marc:controlfield>
   <marc:datafield ind1=" " ind2=" " tag="015">
      <marc:subfield code="a">04,A39,0583</marc:subfield>
      <marc:subfield code="z">03,N50,0281</marc:subfield>
      <marc:subfield code="2">dnb</marc:subfield>
   </marc:datafield>
   <marc:datafield ind1="7" ind2=" " tag="016">
      <marc:subfield code="2">DE-101</marc:subfield>
      <marc:subfield code="a">969307632</marc:subfield>
   </marc:datafield>
   <marc:datafield ind1=" " ind2=" " tag="020">
      <marc:subfield code="a">9783873875661</marc:subfield>
      <marc:subfield code="c">kart. : EUR 16.90</marc:subfield>
      <marc:subfield code="9">978-3-87387-566-1</marc:subfield>
   </marc:datafield>
   <marc:datafield ind1=" " ind2=" " tag="020">
      <marc:subfield code="a">3873875667</marc:subfield>
      <marc:subfield code="c">kart. : EUR 16.90</marc:subfield>
      <marc:subfield code="9">3-87387-566-7</marc:subfield>
   </marc:datafield>
   <marc:datafield ind1="3" ind2=" " tag="024">
      <marc:subfield code="a">9783873875661</marc:subfield>
   </marc:datafield>
   <marc:datafield ind1=" " ind2=" " tag="035">
      <marc:subfield code="a">(DE-599)DNB969307632</marc:subfield>
   </marc:datafield>
   <marc:datafield ind1=" " ind2=" " tag="035">
      <marc:subfield code="a">(OCoLC)76565065</marc:subfield>
   </marc:datafield>
   <marc:datafield ind1=" " ind2=" " tag="040">
      <marc:subfield code="a">1145</marc:subfield>
      <marc:subfield code="b">ger</marc:subfield>
      <marc:subfield code="c">DE-101</marc:subfield>
      <marc:subfield code="d">9999</marc:subfield>
   </marc:datafield>
   <marc:datafield ind1=" " ind2=" " tag="041">
      <marc:subfield code="a">ger</marc:subfield>
      <marc:subfield code="h">eng</marc:subfield>
   </marc:datafield>
   <marc:datafield ind1=" " ind2=" " tag="044">
      <marc:subfield code="c">XA-DE-NW</marc:subfield>
   </marc:datafield>
   <marc:datafield ind1="7" ind2="4" tag="082">
      <marc:subfield code="a">370</marc:subfield>
      <marc:subfield code="a">150</marc:subfield>
      <marc:subfield code="q">DE-101</marc:subfield>
      <marc:subfield code="2">22sdnb</marc:subfield>
   </marc:datafield>
   <marc:datafield ind1=" " ind2=" " tag="090">
      <marc:subfield code="a">b</marc:subfield>
   </marc:datafield>
   <marc:datafield ind1="1" ind2=" " tag="100">
      <marc:subfield code="0">(DE-588)123032032</marc:subfield>
      <marc:subfield code="0">http://d-nb.info/gnd/123032032</marc:subfield>
      <marc:subfield code="0">(DE-101)123032032</marc:subfield>
      <marc:subfield code="a">Rosenberg, Marshall B.</marc:subfield>
      <marc:subfield code="d">1934-2015</marc:subfield>
      <marc:subfield code="e">Verfasser</marc:subfield>
      <marc:subfield code="4">aut</marc:subfield>
   </marc:datafield>
   <marc:datafield ind1="0" ind2="0" tag="245">
      <marc:subfield code="a">Erziehung, die das Leben bereichert</marc:subfield>
      <marc:subfield code="b">wie gewaltfreie Kommunikation (GFK) im Schulalltag dazu beiträgt, die Leistungsfähigkeit zu verbessern, Konfliktpotenziale abzubauen und Beziehungen zu fördernt</marc:subfield>
      <marc:subfield code="c">Marshall B. Rosenberg. Aus dem Amerikan. von Karl Weidenbach</marc:subfield>
   </marc:datafield>
   <marc:datafield ind1=" " ind2="1" tag="264">
      <marc:subfield code="a">Paderborn</marc:subfield>
      <marc:subfield code="b">Junfermann</marc:subfield>
      <marc:subfield code="c">2004</marc:subfield>
   </marc:datafield>
   <marc:datafield ind1=" " ind2=" " tag="300">
      <marc:subfield code="a">167 S.</marc:subfield>
      <marc:subfield code="c">24 cm</marc:subfield>
   </marc:datafield>
   <marc:datafield ind1=" " ind2=" " tag="336">
      <marc:subfield code="a">Text</marc:subfield>
      <marc:subfield code="b">txt</marc:subfield>
      <marc:subfield code="2">rdacontent</marc:subfield>
   </marc:datafield>
   <marc:datafield ind1=" " ind2=" " tag="337">
      <marc:subfield code="a">ohne Hilfsmittel zu benutzen</marc:subfield>
      <marc:subfield code="b">n</marc:subfield>
      <marc:subfield code="2">rdamedia</marc:subfield>
   </marc:datafield>
   <marc:datafield ind1=" " ind2=" " tag="338">
      <marc:subfield code="a">Band</marc:subfield>
      <marc:subfield code="b">nc</marc:subfield>
      <marc:subfield code="2">rdacarrier</marc:subfield>
   </marc:datafield>
   <marc:datafield ind1=" " ind2=" " tag="500">
      <marc:subfield code="a">Literaturverz. S. 151 - 155</marc:subfield>
   </marc:datafield>
   <marc:datafield ind1=" " ind2=" " tag="520">
      <marc:subfield code="a">In diesem Buch erklärt Bestseller-Autor Marshall B. Rosenberg, wie Interesse und Leistungsfähigkeit gefördert, eine sichere und unterstützende Lernatmosphäre geschaffen, emotionale Intelligenz, Respekt und Mitgefühl gestärkt, Konflikte gelöst und Gewalttätigkeit verhindert oder entschärft werden können. Wenn Schüler gerne lernen und Lehrer gerne lehren... Um dieses Ziel zu erreichen, ist ein neuer Erziehungsansatz nötig, der allen Mitgliedern einer lernenden Gemeinschaft dient. Marshall B. Rosenberg beschreibt in seinem Buch, wie diese Vision realisiert werden kann. Der von ihm dargestellte Erziehungsansatz basiert auf Beziehungen zwischen Schülern, Lehrern, Verwaltungsmitarbeitern und Eltern, die von gegenseitigem Respekt geprägt sind. Es geht darum, neuartige und effektive Arten des Kontakts und des Miteinanders zu entwickeln, weil nur so außergewöhnliche Schulen entstehen können, die den Bedürfnissen aller Beteiligten gerecht werden. "Dieses Buch gibt Lehrern ein erprobtes Verfahren an die Hand und zeigt ihnen, wie sie eine Lernatmosphäre schaffen können, in der ihre Schüler sich wirklich entwickeln können. Ich empfehle es nachdrücklich." - Thomas Gordon</marc:subfield>
   </marc:datafield>
   <marc:datafield ind1=" " ind2="7" tag="650">
      <marc:subfield code="0">(DE-588)4164814-6</marc:subfield>
      <marc:subfield code="0">http://d-nb.info/gnd/4164814-6</marc:subfield>
      <marc:subfield code="0">(DE-101)041648145</marc:subfield>
      <marc:subfield code="a">Kommunikationsverhalten</marc:subfield>
      <marc:subfield code="2">gnd</marc:subfield>
   </marc:datafield>
   <marc:datafield ind1=" " ind2="7" tag="650">
      <marc:subfield code="0">(DE-588)4133262-3</marc:subfield>
      <marc:subfield code="0">http://d-nb.info/gnd/4133262-3</marc:subfield>
      <marc:subfield code="0">(DE-101)041332628</marc:subfield>
      <marc:subfield code="a">Einfühlung</marc:subfield>
      <marc:subfield code="2">gnd</marc:subfield>
   </marc:datafield>
   <marc:datafield ind1=" " ind2="7" tag="650">
      <marc:subfield code="0">(DE-588)4077208-1</marc:subfield>
      <marc:subfield code="0">http://d-nb.info/gnd/4077208-1</marc:subfield>
      <marc:subfield code="0">(DE-101)04077208X</marc:subfield>
      <marc:subfield code="a">Schulpädagogik</marc:subfield>
      <marc:subfield code="2">gnd</marc:subfield>
   </marc:datafield>
   <marc:datafield ind1=" " ind2="7" tag="650">
      <marc:subfield code="0">(DE-588)4164814-6</marc:subfield>
      <marc:subfield code="0">http://d-nb.info/gnd/4164814-6</marc:subfield>
      <marc:subfield code="0">(DE-101)041648145</marc:subfield>
      <marc:subfield code="a">Kommunikationsverhalten</marc:subfield>
      <marc:subfield code="2">gnd</marc:subfield>
   </marc:datafield>
   <marc:datafield ind1=" " ind2="7" tag="650">
      <marc:subfield code="0">(DE-588)4133262-3</marc:subfield>
      <marc:subfield code="0">http://d-nb.info/gnd/4133262-3</marc:subfield>
      <marc:subfield code="0">(DE-101)041332628</marc:subfield>
      <marc:subfield code="a">Einfühlung</marc:subfield>
      <marc:subfield code="2">gnd</marc:subfield>
   </marc:datafield>
   <marc:datafield ind1=" " ind2="7" tag="650">
      <marc:subfield code="0">(DE-588)4035088-5</marc:subfield>
      <marc:subfield code="0">http://d-nb.info/gnd/4035088-5</marc:subfield>
      <marc:subfield code="0">(DE-101)040350886</marc:subfield>
      <marc:subfield code="a">Lehrer</marc:subfield>
      <marc:subfield code="2">gnd</marc:subfield>
   </marc:datafield>
   <marc:datafield ind1=" " ind2="7" tag="650">
      <marc:subfield code="0">(DE-588)4053369-4</marc:subfield>
      <marc:subfield code="0">http://d-nb.info/gnd/4053369-4</marc:subfield>
      <marc:subfield code="0">(DE-101)040533697</marc:subfield>
      <marc:subfield code="a">Schüler</marc:subfield>
      <marc:subfield code="2">gnd</marc:subfield>
   </marc:datafield>
   <marc:datafield ind1=" " ind2=" " tag="653">
      <marc:subfield code="a">(VLB-FS)Gewaltfreie Kommunikation</marc:subfield>
   </marc:datafield>
   <marc:datafield ind1=" " ind2=" " tag="653">
      <marc:subfield code="a">(VLB-PF)BC: Paperback</marc:subfield>
   </marc:datafield>
   <marc:datafield ind1=" " ind2=" " tag="653">
      <marc:subfield code="a">(VLB-WI)1: Hardcover, Softcover, Karte</marc:subfield>
   </marc:datafield>
   <marc:datafield ind1=" " ind2=" " tag="653">
      <marc:subfield code="a">(VLB-WG)535: Psychologie / Angewandte Psychologie</marc:subfield>
   </marc:datafield>
   <marc:datafield ind1="0" ind2="0" tag="689">
      <marc:subfield code="0">(DE-588)4164814-6</marc:subfield>
      <marc:subfield code="0">http://d-nb.info/gnd/4164814-6</marc:subfield>
      <marc:subfield code="0">(DE-101)041648145</marc:subfield>
      <marc:subfield code="D">s</marc:subfield>
      <marc:subfield code="a">Kommunikationsverhalten</marc:subfield>
   </marc:datafield>
   <marc:datafield ind1="0" ind2="1" tag="689">
      <marc:subfield code="0">(DE-588)4133262-3</marc:subfield>
      <marc:subfield code="0">http://d-nb.info/gnd/4133262-3</marc:subfield>
      <marc:subfield code="0">(DE-101)041332628</marc:subfield>
      <marc:subfield code="D">s</marc:subfield>
      <marc:subfield code="a">Einfühlung</marc:subfield>
   </marc:datafield>
   <marc:datafield ind1="0" ind2="2" tag="689">
      <marc:subfield code="0">(DE-588)4077208-1</marc:subfield>
      <marc:subfield code="0">http://d-nb.info/gnd/4077208-1</marc:subfield>
      <marc:subfield code="0">(DE-101)04077208X</marc:subfield>
      <marc:subfield code="D">s</marc:subfield>
      <marc:subfield code="a">Schulpädagogik</marc:subfield>
   </marc:datafield>
   <marc:datafield ind1="0" ind2=" " tag="689">
      <marc:subfield code="5">DE-101</marc:subfield>
      <marc:subfield code="5">DE-101</marc:subfield>
   </marc:datafield>
   <marc:datafield ind1="1" ind2="0" tag="689">
      <marc:subfield code="0">(DE-588)4164814-6</marc:subfield>
      <marc:subfield code="0">http://d-nb.info/gnd/4164814-6</marc:subfield>
      <marc:subfield code="0">(DE-101)041648145</marc:subfield>
      <marc:subfield code="D">s</marc:subfield>
      <marc:subfield code="a">Kommunikationsverhalten</marc:subfield>
   </marc:datafield>
   <marc:datafield ind1="1" ind2="1" tag="689">
      <marc:subfield code="0">(DE-588)4133262-3</marc:subfield>
      <marc:subfield code="0">http://d-nb.info/gnd/4133262-3</marc:subfield>
      <marc:subfield code="0">(DE-101)041332628</marc:subfield>
      <marc:subfield code="D">s</marc:subfield>
      <marc:subfield code="a">Einfühlung</marc:subfield>
   </marc:datafield>
   <marc:datafield ind1="1" ind2="2" tag="689">
      <marc:subfield code="0">(DE-588)4035088-5</marc:subfield>
      <marc:subfield code="0">http://d-nb.info/gnd/4035088-5</marc:subfield>
      <marc:subfield code="0">(DE-101)040350886</marc:subfield>
      <marc:subfield code="D">s</marc:subfield>
      <marc:subfield code="a">Lehrer</marc:subfield>
   </marc:datafield>
   <marc:datafield ind1="1" ind2="3" tag="689">
      <marc:subfield code="0">(DE-588)4053369-4</marc:subfield>
      <marc:subfield code="0">http://d-nb.info/gnd/4053369-4</marc:subfield>
      <marc:subfield code="0">(DE-101)040533697</marc:subfield>
      <marc:subfield code="D">s</marc:subfield>
      <marc:subfield code="a">Schüler</marc:subfield>
   </marc:datafield>
   <marc:datafield ind1="1" ind2=" " tag="689">
      <marc:subfield code="5">DE-101</marc:subfield>
      <marc:subfield code="5">DE-101</marc:subfield>
   </marc:datafield>
   <marc:datafield ind1="1" ind2="2" tag="700">
      <marc:subfield code="a">Rosenberg, Marshall B.</marc:subfield>
      <marc:subfield code="d">1934-2015</marc:subfield>
      <marc:subfield code="t">Life enriching education</marc:subfield>
      <marc:subfield code="g">dt.</marc:subfield>
   </marc:datafield>
   <marc:datafield ind1=" " ind2=" " tag="850">
      <marc:subfield code="a">DE-101a</marc:subfield>
      <marc:subfield code="a">DE-101b</marc:subfield>
   </marc:datafield>
   <marc:datafield ind1="4" ind2="2" tag="856">
      <marc:subfield code="m">V:DE-576</marc:subfield>
      <marc:subfield code="q">application/pdf</marc:subfield>
      <marc:subfield code="u">http://d-nb.info/969307632/04</marc:subfield>
      <marc:subfield code="3">Inhaltsverzeichnis</marc:subfield>
   </marc:datafield>
   <marc:datafield ind1="r" ind2=" " tag="925">
      <marc:subfield code="a">ra</marc:subfield>
   </marc:datafield>
</marc:record>
